00943nas a2200229Ia 4500001001100000003000900011008004100020040001300061040001300074041001300087100003800100210001700138222001700155245007500172250001100247260003600258501008600294300001100380362002600391500026000417650003600677R019/42794IT-RoPAU151124c99999999xx |||||||||||| ||und|| aIT-RoPAU cIT-RoPAU aITALIANO aAA.VV. gCodice Aut. SPICS: 12000 aFILM SPECIAL aFilm Special aFILM SPECIAL, N.1-1969 (CON DISCO)bFilm Special, N.1-1969 (Con Disco) a1a ed. aMILANObL'UFFICIO MODERNOc1969 bPaulus - SPICS - Società San Paolo EM (non-commercial uses only)cCopyright2015 a116 p. aN.1-1969 (CON. DISCO) aAudiovisivi e le Nuove Generazioni. Comunicazione Visiva Sui Banchi della Scuola Materna. Centro Sperimentale di Cinematografia Ad un Anno Dalla Contestazione (Intervista Agli Allievi del Centro). X Rassegna Nazionale del Film Industriale. Note Sul Film " aCINEMAvPUBBLICAZIONE PERIODICA